Trvalo udržateľný rozvoj spoločnosti ako predmet výskumu na Geografickom ústave SAV

Trvalo udržateľný rozvoj (TUR) spoločnosti ako predmet geografického výskumu. Participácia geografie na rozpracúvaní koncepcie TUR. Riešenie problematiky TUR na Geografickom ústave SAV.

Saved in:
Bibliographic Details
Main Author: Huba, Mikuláš
Format: Book Chapter
Language:Slovak
Subjects:
Tags: Add Tag
No Tags, Be the first to tag this record!

MARC

LEADER 00000naa$a2200000$$$4500
001 0054780
005 20231102101008.6
041 0 |a slo 
044 |a SK 
245 1 0 |a Trvalo udržateľný rozvoj spoločnosti ako predmet výskumu na Geografickom ústave SAV  |c Mikuláš Huba 
520 |a Trvalo udržateľný rozvoj (TUR) spoločnosti ako predmet geografického výskumu. Participácia geografie na rozpracúvaní koncepcie TUR. Riešenie problematiky TUR na Geografickom ústave SAV. 
610 2 0 |a rozvoj trvalo udržateľný 
610 2 0 |a spoločnosť 
610 2 0 |a ukazovatele 
610 2 0 |a výskum 
610 2 0 |a vzdelávanie 
610 2 0 |a Geografický ústav SAV 
100 1 |a Huba, Mikuláš